[Event "Bezirksliga Oberbayern 1819"]
[Site "Bayern"]
[Date "2019.02.03"]
[Round "6.3"]
[White "Brandl, Franz"]
[Black "Ipfelkofer, Frank"]
[Result "1/2-1/2"]
[WhiteElo "2005"]
[BlackElo "2129"]
[PlyCount "82"]
[EventDate "2018.10.21"]
[EventType "team-tourn"]
[EventRounds "9"]
[EventCountry "GER"]
[SourceTitle "EXT 2022"]
[Source "ChessBase"]
[SourceDate "2021.10.06"]
[SourceVersion "1"]
[SourceVersionDate "2021.10.06"]
[SourceQuality "1"]
[WhiteTeam "Germering"]
[BlackTeam "Gauting"]
[WhiteTeamCountry "GER"]
[BlackTeamCountry "GER"]

1. e4 c5 2. Nf3 Nc6 3. Bb5 Nd4 4. Nxd4 cxd4 5. 0-0 a6 6. Bc4 e6 7. d3 Ne7 8. Nd2 g6 9. f4 Bg7 10. Nf3 0-0 11. Bd2 Qb6 12. Bb3 d6 13. Qe1 Nc6 14. Nh4 Qd8 15. Rf3 e5 16. g3 Be6 17. f5 Bxb3 18. axb3 g5 19. f6 Bxf6 20. Nf5 Bg7 21. g4 f6 22. Qf2 Rc8 23. c4 dxc3 24. bxc3 Ne7 25. Nxe7+ Qxe7 26. c4 Qd7 27. Rf5 Qc6 28. Ra5 Ra8 29. Rd5 Rad8 30. Qe3 h6 31. Rf1 Rf7 32. Ra1 Qc8 33. Qf3 Bf8 34. h3 Kg7 35. Kg2 Be7 36. b4 Rh8 37. Qf5 Qxf5 38. gxf5 Rc8 39. b5 axb5 40. Rxb5 Bd8 41. Rab1 b6 1/2-1/2

[Event "Regionalliga Sued-Ost 1718"]
[Site "Bayern"]
[Date "2018.01.21"]
[Round "5.4"]
[White "Brandl, Franz"]
[Black "Gruettner, Ralf"]
[Result "1/2-1/2"]
[WhiteElo "2021"]
[BlackElo "2057"]
[PlyCount "65"]
[EventDate "2017.10.22"]
[EventType "team-tourn"]
[EventRounds "9"]
[EventCountry "GER"]
[SourceTitle "EXT 2022"]
[Source "ChessBase"]
[SourceDate "2021.10.06"]
[SourceVersion "1"]
[SourceVersionDate "2021.10.06"]
[SourceQuality "1"]
[WhiteTeam "Germering"]
[BlackTeam "Freising SK"]
[WhiteTeamCountry "GER"]
[BlackTeamCountry "GER"]

1. e4 e5 2. Nf3 Nc6 3. Bb5 a6 4. Ba4 Nf6 5. 0-0 b5 6. Bb3 Be7 7. Re1 0-0 8. a4 Bb7 9. c3 d6 10. d3 Na5 11. Bc2 c5 12. Nbd2 Re8 13. Nf1 h6 14. Ng3 Bf8 15. h3 Nc6 16. Be3 d5 17. axb5 axb5 18. Rxa8 Bxa8 19. exd5 Nxd5 20. Qe2 Nxe3 21. Qxe3 Qd5 22. Qe4 Qxe4 23. dxe4 Rd8 24. Nf5 f6 25. Ra1 Bb7 26. Kf1 c4 27. Ne3 Bc5 28. Ke2 Bxe3 29. Kxe3 Kf8 30. Nd2 Ra8 31. Rxa8+ Bxa8 32. b4 Nd8 33. Bd1 1/2-1/2

[Event "Regionalliga SO 1617"]
[Site "Bayern"]
[Date "2017.04.02"]
[Round "8.4"]
[White "Brandl, Franz"]
[Black "Hartl, Aldo"]
[Result "1/2-1/2"]
[WhiteElo "2048"]
[BlackElo "2092"]
[PlyCount "65"]
[EventDate "2016.10.16"]
[EventType "team-tourn"]
[EventRounds "9"]
[EventCountry "GER"]
[SourceTitle "EXT 2019"]
[Source "ChessBase"]
[SourceDate "2018.10.10"]
[SourceVersion "1"]
[SourceVersionDate "2018.10.10"]
[SourceQuality "1"]
[WhiteTeam "Germering"]
[BlackTeam "Trostberg"]
[WhiteTeamCountry "GER"]
[BlackTeamCountry "GER"]

1. e4 d5 2. exd5 Qxd5 3. Nc3 Qd6 4. d4 Nf6 5. Nf3 c6 6. Be2 Bg4 7. 0-0 e6 8. h3 Bxf3 9. Bxf3 Nbd7 10. Be3 Qc7 11. Qe2 Be7 12. Ne4 0-0 13. c4 Rae8 14. Rfd1 Nxe4 15. Bxe4 f5 16. Bf3 e5 17. dxe5 Nxe5 18. Bf4 Bd6 19. Bxe5 Rxe5 20. Qd2 a5 21. a3 a4 22. Re1 Rfe8 23. Rxe5 Rxe5 24. Rd1 Bf8 25. Re1 g6 26. Rxe5 Qxe5 27. Bd1 b5 28. cxb5 cxb5 29. Be2 h5 30. g3 Bg7 31. Bf1 Qc5 32. Qe2 Kh7 33. Qxb5 1/2-1/2

[Event "Regionalliga SO 1617"]
[Site "Bayern"]
[Date "2017.02.19"]
[Round "6.5"]
[White "Tunka, Philipp"]
[Black "Brandl, Franz"]
[Result "1/2-1/2"]
[WhiteElo "2028"]
[BlackElo "2048"]
[PlyCount "35"]
[EventDate "2016.10.16"]
[EventType "team-tourn"]
[EventRounds "9"]
[EventCountry "GER"]
[SourceTitle "EXT 2019"]
[Source "ChessBase"]
[SourceDate "2018.10.10"]
[SourceVersion "1"]
[SourceVersionDate "2018.10.10"]
[SourceQuality "1"]
[WhiteTeam "Groebenzell II"]
[BlackTeam "Germering"]
[WhiteTeamCountry "GER"]
[BlackTeamCountry "GER"]

1. d4 Nf6 2. c4 e6 3. g3 d5 4. Bg2 Be7 5. Nf3 0-0 6. 0-0 Nbd7 7. Qc2 c6 8. Nbd2 b6 9. e4 dxe4 10. Nxe4 Nxe4 11. Qxe4 Bb7 12. Bf4 Nf6 13. Qc2 c5 14. Rad1 Qc8 15. Rfe1 cxd4 16. Be5 Rd8 17. Bxd4 Qc7 18. b3 1/2-1/2

[Event "Regionalliga SO 1516"]
[Site "Bayern"]
[Date "2016.03.13"]
[Round "8.4"]
[White "Brandl, Franz"]
[Black "Meier, Desiderius"]
[Result "0-1"]
[WhiteElo "2038"]
[BlackElo "2170"]
[PlyCount "78"]
[EventDate "2015.10.11"]
[EventType "team-tourn"]
[EventRounds "9"]
[EventCountry "GER"]
[SourceTitle "EXT 2018"]
[Source "ChessBase"]
[SourceDate "2017.10.13"]
[SourceVersion "1"]
[SourceVersionDate "2017.10.13"]
[SourceQuality "1"]
[WhiteTeam "Germering"]
[BlackTeam "Graefelfing"]
[WhiteTeamCountry "GER"]
[BlackTeamCountry "GER"]

1. e4 Nf6 2. e5 Nd5 3. d4 d6 4. Nf3 dxe5 5. Nxe5 c6 6. c4 Nb4 7. Be3 Bf5 8. Nd3 e5 9. a3 Bxd3 10. Bxd3 exd4 11. axb4 dxe3 12. 0-0 Bxb4 13. fxe3 0-0 14. Nc3 Nd7 15. Qc2 g6 16. Ne4 f5 17. Ng3 Ne5 18. Rfd1 Qb6 19. Nf1 Ng4 20. c5 Bxc5 21. Bc4+ Kg7 22. Rd7+ Kh6 23. h3 Ne5 24. Rdd1 f4 25. Kh1 Nxc4 26. Qxc4 Bxe3 27. Nxe3 Qxe3 28. Re1 Qg3 29. Re4 Rad8 30. Qb4 a5 31. Qc5 Rf5 32. Qc1 Rg5 33. Qf1 Rd2 34. Re2 Rxe2 35. Qxe2 Qe3 36. Qf1 Rd5 37. Re1 Qg3 38. Re4 Rf5 39. Rc4 f3 0-1

[Event "Regionalliga SO 1415"]
[Site "Bayern"]
[Date "2015.01.18"]
[Round "5.7"]
[White "Guggenberger, Guido"]
[Black "Brandl, Franz"]
[Result "1/2-1/2"]
[WhiteElo "1908"]
[BlackElo "2038"]
[PlyCount "44"]
[EventDate "2014.10.19"]
[EventType "team-tourn"]
[EventRounds "9"]
[EventCountry "GER"]
[SourceTitle "EXT 2018"]
[Source "ChessBase"]
[SourceDate "2017.10.13"]
[SourceVersion "1"]
[SourceVersionDate "2017.10.13"]
[SourceQuality "1"]
[WhiteTeam "Tegernsee"]
[BlackTeam "Germering"]
[WhiteTeamCountry "GER"]
[BlackTeamCountry "GER"]

1. d4 Nf6 2. c4 e5 3. dxe5 Ng4 4. Bf4 Nc6 5. Nf3 Bb4+ 6. Nbd2 Qe7 7. a3 Ngxe5 8. Nxe5 Nxe5 9. e3 Bxd2+ 10. Qxd2 d6 11. Be2 0-0 12. 0-0 b6 13. b4 Bb7 14. c5 dxc5 15. bxc5 Rad8 16. Qc3 Rd5 17. cxb6 cxb6 18. Rfd1 Rc5 19. Qd4 Rd5 20. Qc3 Rc5 21. Qd4 Rd5 22. Qc3 Rc5 1/2-1/2

[Event "Landesliga Sued 1213"]
[Site "Bayern"]
[Date "2013.04.14"]
[Round "9.5"]
[White "Brandl, Franz"]
[Black "Rasch, Gerhard"]
[Result "1-0"]
[WhiteElo "2067"]
[BlackElo "2016"]
[PlyCount "67"]
[EventDate "2012.10.14"]
[EventType "team-tourn"]
[EventRounds "9"]
[EventCountry "GER"]
[SourceTitle "EXT 2015"]
[Source "ChessBase"]
[SourceDate "2014.11.20"]
[SourceVersion "1"]
[SourceVersionDate "2014.11.20"]
[SourceQuality "1"]
[WhiteTeam "Germering"]
[BlackTeam "Muenchen Tarrasch II"]
[WhiteTeamCountry "GER"]
[BlackTeamCountry "GER"]

1. e4 e6 2. d4 d5 3. Nc3 Bb4 4. Bd3 dxe4 5. Bxe4 Nf6 6. Bg5 h6 7. Bxf6 Qxf6 8. Nf3 c6 9. 0-0 Nd7 10. Bd3 0-0 11. Ne4 Qf4 12. c3 Be7 13. Re1 b6 14. Ng3 Bb7 15. Re4 Qc7 16. Ne5 Nf6 17. Re3 c5 18. Nh5 cxd4 19. cxd4 Rfd8 20. Rg3 Ne8 21. Qg4 Bg5 22. h4 f5 23. Qh3 Bf6 24. Bc4 Bd5 25. Rc3 Qe7 26. Nf4 Bxc4 27. Rxc4 Nd6 28. Nc6 Qd7 29. Nxd8 Nxc4 30. Ndxe6 Re8 31. Qxf5 Bxd4 32. Qe4 Bxb2 33. Qxc4 Bxa1 34. Ng5+ 1-0

[Event "Landesliga Sued 1213"]
[Site "Bayern"]
[Date "2013.03.17"]
[Round "8.4"]
[White "Brandl, Franz"]
[Black "Bauer, Robert"]
[Result "1/2-1/2"]
[WhiteElo "2067"]
[BlackElo "2103"]
[PlyCount "84"]
[EventDate "2012.10.14"]
[EventType "team-tourn"]
[EventRounds "9"]
[EventCountry "GER"]
[SourceTitle "EXT 2015"]
[Source "ChessBase"]
[SourceDate "2014.11.20"]
[SourceVersion "1"]
[SourceVersionDate "2014.11.20"]
[SourceQuality "1"]
[WhiteTeam "Germering"]
[BlackTeam "Freising"]
[WhiteTeamCountry "GER"]
[BlackTeamCountry "GER"]

1. e4 e5 2. Nf3 Nc6 3. Bb5 a6 4. Ba4 Nf6 5. d4 exd4 6. 0-0 Be7 7. Re1 b5 8. Bb3 d6 9. Bd5 Nxd5 10. exd5 Ne5 11. Nxd4 0-0 12. Nc3 Bb7 13. a3 Qd7 14. Bf4 Nc4 15. b3 Nb6 16. Qf3 Bf6 17. Rad1 Rae8 18. Be3 Be5 19. Nde2 Nc8 20. Ne4 c6 21. Ng5 h6 22. Nh3 cxd5 23. Nd4 Ne7 24. Nf4 Rc8 25. Rd2 Rfe8 26. Red1 Rc3 27. Nfe2 Rc7 28. Qh5 Bc8 29. Ng3 Qg4 30. Qxg4 Bxg4 31. f3 Be6 32. Nge2 Nf5 33. Bf2 Rec8 34. c3 g5 35. g4 Ne7 36. Kg2 Ng6 37. Rd3 Bf4 38. Nf5 Kh7 39. Rh1 Be5 40. Nfd4 Nf4+ 41. Nxf4 gxf4 42. Be1 Kg6 1/2-1/2

[Event "Landesliga Sued 1213"]
[Site "Bayern"]
[Date "2013.01.13"]
[Round "5.5"]
[White "Brandl, Franz"]
[Black "Lochte, Thomas"]
[Result "1/2-1/2"]
[WhiteElo "2067"]
[BlackElo "2095"]
[PlyCount "142"]
[EventDate "2012.10.14"]
[EventType "team-tourn"]
[EventRounds "9"]
[EventCountry "GER"]
[SourceTitle "EXT 2015"]
[Source "ChessBase"]
[SourceDate "2014.11.20"]
[SourceVersion "1"]
[SourceVersionDate "2014.11.20"]
[SourceQuality "1"]
[WhiteTeam "Germering"]
[BlackTeam "Weilheim"]
[WhiteTeamCountry "GER"]
[BlackTeamCountry "GER"]

1. e4 e5 2. Nf3 Nc6 3. Bb5 a6 4. Ba4 Nf6 5. d4 exd4 6. 0-0 Be7 7. Re1 d6 8. Nxd4 Bd7 9. Bxc6 bxc6 10. c4 c5 11. Nc2 0-0 12. Nc3 Ng4 13. Ne3 Nxe3 14. Bxe3 Bf6 15. Qc2 Rb8 16. Rad1 Qe8 17. b3 Bxc3 18. Qxc3 Qxe4 19. Bxc5 Qg6 20. Qg3 Qxg3 21. hxg3 Bg4 22. Rd4 f5 23. Ba3 Rfe8 24. Rxe8+ Rxe8 25. f3 Re1+ 26. Kf2 Ra1 27. Bxd6 Rxa2+ 28. Ke3 cxd6 29. fxg4 Rxg2 30. Kf3 Rb2 31. Rxd6 Rxb3+ 32. Kf4 Rb4 33. Rxa6 Rxc4+ 34. Kxf5 h6 35. Ra5 Rc3 36. g5 Rxg3 37. gxh6 g6+ 38. Kf6 Kh7 39. Ra8 Rf3+ 40. Kg5 Rf5+ 41. Kg4 Kxh6 42. Rh8+ Kg7 43. Rh3 Rf1 44. Ra3 Rg1+ 45. Rg3 Ra1 46. Rb3 Ra4+ 47. Kg5 Ra5+ 48. Kg4 Rf5 49. Ra3 Rf1 50. Rb3 Rh1 51. Rb8 Rg1+ 52. Kf4 Kh7 53. Ra8 Kg7 54. Ra7+ Kf6 55. Ra6+ Ke7 56. Ra7+ Ke6 57. Ra6+ Kd5 58. Ra5+ Kd4 59. Rg5 Rf1+ 60. Kg4 Rf6 61. Ra5 Ke4 62. Ra1 Rf2 63. Re1+ Kd5 64. Re8 Rf5 65. Re1 Rf2 66. Re8 Rg2+ 67. Kf4 g5+ 68. Kf5 g4 69. Rd8+ Kc4 70. Kf4 Rg1 71. Rg8 Rf1+ 1/2-1/2

[Event "Regionalliga SO 1112"]
[Site "Bayern"]
[Date "2012.02.26"]
[Round "7.5"]
[White "Brandl, Franz"]
[Black "Wuerdinger, Alexander"]
[Result "0-1"]
[WhiteElo "2067"]
[BlackElo "2105"]
[PlyCount "88"]
[EventDate "2011.10.02"]
[EventType "team-tourn"]
[EventRounds "9"]
[EventCountry "GER"]
[SourceTitle "EXT 2015"]
[Source "ChessBase"]
[SourceDate "2014.11.20"]
[SourceVersion "1"]
[SourceVersionDate "2014.11.20"]
[SourceQuality "1"]
[WhiteTeam "Unterpfaffenhofen"]
[BlackTeam "Graefelfing"]
[WhiteTeamCountry "GER"]
[BlackTeamCountry "GER"]

1. e4 e6 2. d4 d5 3. e5 c5 4. c3 Nc6 5. Nf3 Qb6 6. a3 c4 7. Nbd2 Na5 8. g3 Bd7 9. h4 Nh6 10. Bh3 0-0-0 11. 0-0 f6 12. Qe2 Nf7 13. Re1 Re8 14. Nf1 Rg8 15. N1h2 fxe5 16. Nxe5 Nxe5 17. Qxe5 Bd6 18. Qe2 Nc6 19. Nf3 h6 20. Be3 Qc7 21. a4 g5 22. hxg5 hxg5 23. Bg4 Rh8 24. Kg2 e5 25. Bxd7+ Qxd7 26. Rh1 exd4 27. cxd4 g4 28. Ne5 Bxe5 29. dxe5 d4 30. Bf4 Qd5+ 31. f3 Rxh1 32. Rxh1 Nxe5 33. Bxe5 Rxe5 34. Rh8+ Kd7 35. Rh7+ Ke8 36. Rh8+ Kf7 37. Qf2 Kg7 38. Rh4 gxf3+ 39. Kf1 Re4 40. Qh2 Qe5 41. Qd2 Rxh4 42. gxh4 Qe3 43. Qc2 d3 44. Qc3+ Kh7 0-1

[Event "Regionalliga SO 1112"]
[Site "Bayern"]
[Date "2011.11.20"]
[Round "3.5"]
[White "Gnegel, Boris Igor"]
[Black "Brandl, Franz"]
[Result "1-0"]
[WhiteElo "2005"]
[BlackElo "2067"]
[PlyCount "91"]
[EventDate "2011.10.02"]
[EventType "team-tourn"]
[EventRounds "9"]
[EventCountry "GER"]
[SourceTitle "EXT 2013"]
[Source "ChessBase"]
[SourceDate "2012.11.22"]
[SourceVersion "1"]
[SourceVersionDate "2012.11.22"]
[SourceQuality "1"]
[WhiteTeam "Tegernsee"]
[BlackTeam "Unterpfaffenhofen"]
[WhiteTeamCountry "GER"]
[BlackTeamCountry "GER"]

1. e4 e6 2. Be2 d5 3. d3 Nf6 4. Nd2 c5 5. Ngf3 Nc6 6. 0-0 Be7 7. Re1 0-0 8. c3 Qc7 9. Bf1 b6 10. g3 dxe4 11. dxe4 e5 12. h3 Rd8 13. Qc2 h6 14. Kh2 Be6 15. Bc4 Qd7 16. Bxe6 Qxe6 17. Nf1 Rd7 18. Ne3 Rad8 19. Nf5 Bf8 20. g4 Rd3 21. N3d4 exd4 22. Qxd3 c4 23. Qf1 d3 24. Bd2 g6 25. Ng3 Ne5 26. f4 Ned7 27. e5 Nd5 28. f5 Qc6 29. e6 Nc5 30. exf7+ Kxf7 31. fxg6+ Kxg6 32. Qf5+ Kg7 33. Rf1 Qe6 34. Rae1 Qxf5 35. Nxf5+ Kg6 36. Kg2 Na4 37. Re6+ Kh7 38. Nxh6 Bxh6 39. Rxh6+ Kg7 40. Rc6 b5 41. b3 Nab6 42. Re1 a5 43. Ree6 b4 44. cxb4 c3 45. Rxc3 axb4 46. Rxd3 1-0

[Event "Regionalliga SO 1112"]
[Site "Bayern"]
[Date "2011.10.23"]
[Round "2.5"]
[White "Brandl, Franz"]
[Black "Brem, Stephan"]
[Result "1-0"]
[WhiteElo "2067"]
[BlackElo "2046"]
[PlyCount "57"]
[EventDate "2011.10.02"]
[EventType "team-tourn"]
[EventRounds "9"]
[EventCountry "GER"]
[SourceTitle "EXT 2013"]
[Source "ChessBase"]
[SourceDate "2012.11.22"]
[SourceVersion "1"]
[SourceVersionDate "2012.11.22"]
[SourceQuality "1"]
[WhiteTeam "Unterpfaffenhofen"]
[BlackTeam "Ebersberg Grafing"]
[WhiteTeamCountry "GER"]
[BlackTeamCountry "GER"]

1. e4 d6 2. d4 Nf6 3. Nc3 g6 4. Be3 Bg7 5. Qd2 0-0 6. f3 c6 7. 0-0-0 Nbd7 8. g4 e5 9. dxe5 dxe5 10. h4 Qe7 11. h5 Re8 12. hxg6 fxg6 13. Bc4+ Kh8 14. Nge2 b5 15. Bd3 a5 16. Ng3 Nf8 17. g5 Ng8 18. Nf5 Qc7 19. Nxg7 Kxg7 20. f4 a4 21. f5 b4 22. Nb1 Rb8 23. Bc5 Rb7 24. Rdf1 Rd8 25. f6+ Kh8 26. f7 Ne7 27. Qf2 Rd6 28. Rxh7+ Nxh7 29. f8Q+ 1-0

[Event "Regionalliga SO 1011"]
[Site "Bayern"]
[Date "2010.11.14"]
[Round "3.3"]
[White "Wuerdinger, Alexander"]
[Black "Brandl, Franz"]
[Result "1/2-1/2"]
[WhiteElo "2113"]
[BlackElo "2073"]
[PlyCount "67"]
[EventDate "2010.10.10"]
[EventType "team-tourn"]
[EventRounds "9"]
[EventCountry "GER"]
[SourceTitle "EXT 2012"]
[Source "ChessBase"]
[SourceDate "2011.11.24"]
[SourceVersion "1"]
[SourceVersionDate "2011.11.24"]
[SourceQuality "1"]
[WhiteTeam "Graefelfing"]
[BlackTeam "Unterpfaff Germering"]
[WhiteTeamCountry "GER"]
[BlackTeamCountry "GER"]

1. Nf3 d5 2. g3 Nf6 3. Bg2 g6 4. 0-0 Bg7 5. c4 c6 6. b3 0-0 7. Bb2 Nbd7 8. cxd5 cxd5 9. Qc2 Re8 10. Nc3 a6 11. Rac1 e5 12. d3 Nb6 13. Nd1 d4 14. e3 dxe3 15. Nxe3 Nbd5 16. d4 Nxe3 17. fxe3 Nd5 18. Nxe5 Bxe5 19. Bxd5 Qxd5 20. dxe5 Be6 21. e4 Qb5 22. Qf2 Rac8 23. Qf6 Qe2 24. Qf2 Qxe4 25. Rce1 Qd5 26. Rd1 Qc5 27. Bd4 Qc2 28. Rd2 Qe4 29. Re1 Qf5 30. Qg2 Red8 31. Rf1 Bd5 32. Rxf5 Bxg2 33. Rf4 Bh3 34. Kf2 1/2-1/2

[Event "Regionalliga SO 0910"]
[Site "Bayern"]
[Date "2010.03.21"]
[Round "8.3"]
[White "Brandl, Franz"]
[Black "Loder, Wilhelm"]
[Result "0-1"]
[WhiteElo "2073"]
[BlackElo "2099"]
[PlyCount "76"]
[EventDate "2009.10.18"]
[EventType "team-tourn"]
[EventRounds "9"]
[EventCountry "GER"]
[SourceTitle "EXT 2011"]
[Source "ChessBase"]
[SourceDate "2010.11.26"]
[SourceVersion "1"]
[SourceVersionDate "2010.11.26"]
[SourceQuality "1"]
[WhiteTeam "Unterpfaffenhofen"]
[BlackTeam "Ilmmuenster"]
[WhiteTeamCountry "GER"]
[BlackTeamCountry "GER"]

1. e4 c5 2. c3 d5 3. exd5 Qxd5 4. d4 e6 5. Nf3 Nf6 6. Be3 cxd4 7. cxd4 Bb4+ 8. Nc3 Bd7 9. Bd3 Bb5 10. 0-0 Bxc3 11. bxc3 0-0 12. Rb1 Bxd3 13. Qxd3 Rc8 14. Rfc1 b6 15. c4 Qa5 16. a3 Nbd7 17. Rb5 Qa6 18. Rg5 Rd8 19. Qb3 Ne4 20. Rg4 Ndf6 21. Rh4 Rac8 22. Ne5 h6 23. Ng4 Nxg4 24. Rxg4 f5 25. Rh4 Qb7 26. f3 Qe7 27. Rh3 Ng5 28. Rg3 Qf6 29. f4 Ne4 30. Rh3 Rd7 31. Rd1 Kh7 32. Kh1 Rdc7 33. c5 bxc5 34. dxc5 Nxc5 35. Bxc5 Rxc5 36. Re3 Rc1 37. Rde1 R8c3 38. Qxe6 Rxe1+ 0-1

[Event "Regionalliga SO 0910"]
[Site "Bayern"]
[Date "2009.12.13"]
[Round "4.3"]
[White "Gschwendtner, Klaus"]
[Black "Brandl, Franz"]
[Result "1/2-1/2"]
[WhiteElo "2111"]
[BlackElo "2073"]
[PlyCount "80"]
[EventDate "2009.10.18"]
[EventType "team-tourn"]
[EventRounds "9"]
[EventCountry "GER"]
[SourceTitle "EXT 2011"]
[Source "ChessBase"]
[SourceDate "2010.11.26"]
[SourceVersion "1"]
[SourceVersionDate "2010.11.26"]
[SourceQuality "1"]
[WhiteTeam "Starnberg"]
[BlackTeam "Unterpfaffenhofen"]
[WhiteTeamCountry "GER"]
[BlackTeamCountry "GER"]

1. e4 e6 2. d3 d5 3. Nd2 Nf6 4. Ngf3 Be7 5. c3 0-0 6. e5 Nfd7 7. d4 c5 8. Bd3 Nc6 9. 0-0 Qb6 10. dxc5 Nxc5 11. Bc2 Qc7 12. Re1 b6 13. b4 Nd7 14. Nb3 Ncxe5 15. Nxe5 Nxe5 16. Bf4 Bd6 17. Bxe5 Bxe5 18. Qh5 f5 19. Rac1 Bd7 20. Re3 Rf6 21. g3 Raf8 22. Qe2 Bd6 23. f4 Rg6 24. Kf2 e5 25. fxe5 f4 26. gxf4 Rxf4+ 27. Ke1 Bxe5 28. Bxg6 Bg4 29. Qb5 hxg6 30. Qe8+ Kh7 31. Qxe5 Qf7 32. Nd4 Rf2 33. Ne2 d4 34. Qxd4 Rf1+ 35. Kd2 Qxa2+ 36. Rc2 Qb1 37. Rc1 Qb2+ 38. Rc2 Qb1 39. Rc1 Qb2+ 40. Rc2 Qb1 1/2-1/2

[Event "Regionalliga SO 0910"]
[Site "Bayern"]
[Date "2009.11.15"]
[Round "2.3"]
[White "Schmidt, Wolfgang"]
[Black "Brandl, Franz"]
[Result "1/2-1/2"]
[WhiteElo "2235"]
[BlackElo "2073"]
[PlyCount "38"]
[EventDate "2009.10.18"]
[EventType "team-tourn"]
[EventRounds "9"]
[EventCountry "GER"]
[SourceTitle "EXT 2011"]
[Source "ChessBase"]
[SourceDate "2010.11.26"]
[SourceVersion "1"]
[SourceVersionDate "2010.11.26"]
[SourceQuality "1"]
[WhiteTeam "Landshut"]
[BlackTeam "Unterpfaffenhofen"]
[WhiteTeamCountry "GER"]
[BlackTeamCountry "GER"]

1. e4 c5 2. d4 cxd4 3. c3 dxc3 4. Nxc3 Nc6 5. Nf3 e6 6. Bc4 a6 7. 0-0 Nge7 8. Bg5 f6 9. Be3 Ng6 10. Nd4 Nxd4 11. Qxd4 Be7 12. f4 0-0 13. Bb3 Kh8 14. f5 Ne5 15. Rf4 b5 16. Rh4 g5 17. fxg6 Nxg6 18. Rh6 Bb7 19. Rf1 Rc8 1/2-1/2